| 000 | 00750nam a2200265Ia 4500 | ||
|---|---|---|---|
| 003 | OSt | ||
| 005 | 20220928131439.0 | ||
| 006 | a|||||r|||| 00| 0 | ||
| 007 | ta | ||
| 008 | 220927b |||||||| |||| 00| 0 eng d | ||
| 024 | _a502 | ||
| 037 | _cTextual | ||
| 040 |
_aSDCL _cSDCL _beng |
||
| 041 |
_2eng _aeng |
||
| 082 | _aV73:5'P, P4 | ||
| 100 |
_aRiches William T Martin _9478172 |
||
| 245 | 0 |
_aCivil rights movement _bStruggle and resistance |
|
| 250 | _a2 | ||
| 260 |
_aHampshire _bPalgrave Macmillan _c2004 |
||
| 300 |
_axxix,248p _ccm. |
||
| 490 | _aStudies in contemporary history | ||
| 650 |
_aHuman Rights USA _9478173 |
||
| 942 |
_hV73:5'P, P4 _cTEXL _2CC |
||
| 999 |
_c790678 _d790678 |
||